Paper Houses - Niall Horan (Lyrics) - Statistics

General Stats
  • This quiz has been taken 72 times
  • The average score is 152 of 181
Answer Stats
% Correct
house
100%
I
100%
this
100%
We
100%
we
100%
And
97%
and
97%
[Verse 1] In
97%
our
97%
broken
94%
hearts
94%
houses
94%
of
94%
paper
94%
to
94%
apart
92%
love
92%
reach
92%
stars
92%
the
92%
cards
89%
do
89%
made
89%
worlds
89%
break
86%
out
86%
don't
83%
so
83%
So
83%
you
83%
your
83%
fall
81%
far
81%
scatter
81%
stacks
81%
'Til
81%
yes
81%
climb
78%
on
78%
Why
78%
high
75%
knew
75%
wanna
75%
was
75%
Yeah
75%
built
72%
But
72%
can
72%
did
72%
hold
72%
own
72%
them
72%
tight
72%
find
69%
paid
69%
price
69%
scars
69%
tried
69%
'Cause
67%
hard
67%
lose
67%
much
67%
my
67%
touch
67%
hurt
64%
away
61%
close
61%
go
61%
let
61%
slipping
61%
too
61%
way
61%
held
58%
learned
58%
light
58%
breath
56%
head
56%
turn
56%
us
53%
fell
17%
No matching quizzes found
Score Distribution
Percent of People with Each Score
Percentile by Number Answered
Your Score History
You have not taken this quiz